000 00526nam a22001937a 4500
003 OSt
005 20161117145513.0
008 161117b xxu||||| |||| 00| 0 eng d
020 _a0521462398
040 _cDDC.
082 _a539.7SUT 1997.
100 _aSuter,Dieter;
_911303
245 _aThe physics of Laser-Atom interactions:
260 _aCambridge;Cambridge University Press,1997.
300 _axiv,457p;
_bill;
_c20cm
504 _aincludes index and references.
650 _aPhysics.
_9809
942 _2ddc
_cO_SHELF
999 _c5404
_d5404